Výška podpory a garančný fond
Pokračovanie zákona o zamestnanosti účinného od 1.decembra 1999. Chránená dielňa a chránené pracovisko. Povinnosti zamestnávateľa. Povinnosti pri zamestnávaní občanov so zmenenou pracovnou schopnosťou.
Gespeichert in:
| 1. Verfasser: | |
|---|---|
| Format: | Buchkapitel |
| Sprache: | Slowakisch |
| Schlagworte: | |
| Tags: |
Keine Tags, Fügen Sie das erste Tag hinzu!
|
MARC
| LEADER | 00000naa a2200000 4500 | ||
|---|---|---|---|
| 001 | r036766 | ||
| 005 | 20230824102308.8 | ||
| 041 | 0 | |a slo | |
| 044 | |a SK | ||
| 245 | 1 | 0 | |a Výška podpory a garančný fond |c Monika Ščevovichova |
| 520 | |a Pokračovanie zákona o zamestnanosti účinného od 1.decembra 1999. Chránená dielňa a chránené pracovisko. Povinnosti zamestnávateľa. Povinnosti pri zamestnávaní občanov so zmenenou pracovnou schopnosťou. | ||
| 610 | 2 | 0 | |a zamestnanosť |
| 610 | 2 | 0 | |a trh práce |
| 610 | 2 | 0 | |a dielne |
| 610 | 2 | 0 | |a pracovisko |
| 610 | 2 | 0 | |a zamestnávatelia |
| 610 | 2 | 0 | |a povinnosti zamestnávateľov |
| 610 | 2 | 0 | |a schopnosti pracovné zmenené |
| 610 | 2 | 0 | |a zákony |
| 610 | 2 | 0 | |a Slovensko |
| 610 | 2 | 0 | |a 1999 |
| 100 | 1 | |a Ščevovichova, Monika | |